<?xml version="1.0" encoding="UTF-8"?>
<collection xmlns="http://www.loc.gov/MARC21/slim">
<record>
  <controlfield tag="001">110601</controlfield>
  <controlfield tag="005">20230519145613.0</controlfield>
  <datafield tag="024" ind1="7" ind2=" ">
    <subfield code="2">doi</subfield>
    <subfield code="a">10.22201/iibi.24488321xe.2021.88.58383</subfield>
  </datafield>
  <datafield tag="024" ind1="8" ind2=" ">
    <subfield code="2">sideral</subfield>
    <subfield code="a">127330</subfield>
  </datafield>
  <datafield tag="037" ind1=" " ind2=" ">
    <subfield code="a">ART-2021-127330</subfield>
  </datafield>
  <datafield tag="041" ind1=" " ind2=" ">
    <subfield code="a">spa</subfield>
  </datafield>
  <datafield tag="100" ind1=" " ind2=" ">
    <subfield code="a">Blanco Domingo, L.</subfield>
    <subfield code="u">Universidad de Zaragoza</subfield>
    <subfield code="0">(orcid)0000-0002-7492-4711</subfield>
  </datafield>
  <datafield tag="245" ind1=" " ind2=" ">
    <subfield code="a">La formación del personal de las bibliotecas universitarias españolas: de la euforia a la estabilización</subfield>
  </datafield>
  <datafield tag="260" ind1=" " ind2=" ">
    <subfield code="c">2021</subfield>
  </datafield>
  <datafield tag="506" ind1="0" ind2=" ">
    <subfield code="a">Access copy available to the general public</subfield>
    <subfield code="f">Unrestricted</subfield>
  </datafield>
  <datafield tag="520" ind1="3" ind2=" ">
    <subfield code="a">El objetivo de este artículo es analizar de forma cuantitativa cómo se han implementado los cursos de formación entre el personal de las bibliotecas universitarias españolas ante el nuevo paradigma tecnológico y social al que se enfrentan. Se basa en los datos estadísticos que proporciona la Red de Bibliotecas Universitarias Españolas (REBIUN) a través de su plataforma, que permiten concluir que, salvo excepciones, no existe una clara apuesta por su dinamización, situándose la mayoría de los centros en un perfil medio o bajo, con una clara tendencia a la estabilización, y sin que la visibilidad social de la formación sea considerada como un indicador de calidad ni de las competencias profesionales ni de los objetivos de las mismas. Se presentan además una serie de recomendaciones para que la presencia de los cursos de formación adquiera una mayor importancia en la planificación estratégica de las bibliotecas universitarias.   This article intends to quantitatively analyze how training courses have been implemented among the staff of Spanish university libraries in the new tech-nological and social paradigm they are facing. This is based on the statistical data provided by the Network of Spanish University Libraries (REBIUN) through its platform, which allows us to conclude that, with few exceptions, there is no clear commitment to their gal-vanization, being most centers in a medium or low profile, with a clear trend towards stabilization, and without the social visibility of the training being con-sidered as an indicator of quality nor of the profession-al skills of them. In addition, a series of recommendations are pre-sented to make the presence of the training courses acquire more importance in the strategic planning of university libraries.</subfield>
  </datafield>
  <datafield tag="540" ind1=" " ind2=" ">
    <subfield code="9">info:eu-repo/semantics/openAccess</subfield>
    <subfield code="a">by-nc-nd</subfield>
    <subfield code="u">http://creativecommons.org/licenses/by-nc-nd/3.0/es/</subfield>
  </datafield>
  <datafield tag="590" ind1=" " ind2=" ">
    <subfield code="a">0.563</subfield>
    <subfield code="b">2021</subfield>
  </datafield>
  <datafield tag="591" ind1=" " ind2=" ">
    <subfield code="a">INFORMATION SCIENCE &amp; LIBRARY SCIENCE</subfield>
    <subfield code="b">71 / 85 = 0.835</subfield>
    <subfield code="c">2021</subfield>
    <subfield code="d">Q4</subfield>
    <subfield code="e">T3</subfield>
  </datafield>
  <datafield tag="592" ind1=" " ind2=" ">
    <subfield code="a">0.208</subfield>
    <subfield code="b">2021</subfield>
  </datafield>
  <datafield tag="593" ind1=" " ind2=" ">
    <subfield code="a">Library and Information Sciences</subfield>
    <subfield code="c">2021</subfield>
    <subfield code="d">Q3</subfield>
  </datafield>
  <datafield tag="594" ind1=" " ind2=" ">
    <subfield code="a">1.0</subfield>
    <subfield code="b">2021</subfield>
  </datafield>
  <datafield tag="655" ind1=" " ind2="4">
    <subfield code="a">info:eu-repo/semantics/article</subfield>
    <subfield code="v">info:eu-repo/semantics/publishedVersion</subfield>
  </datafield>
  <datafield tag="710" ind1="2" ind2=" ">
    <subfield code="1">3011</subfield>
    <subfield code="2">040</subfield>
    <subfield code="a">Universidad de Zaragoza</subfield>
    <subfield code="b">Dpto. Ciencias Doc. Hª Ciencia</subfield>
    <subfield code="c">Área Biblioteconomía y Docum.</subfield>
  </datafield>
  <datafield tag="773" ind1=" " ind2=" ">
    <subfield code="g">35, 88 (2021), 83-99</subfield>
    <subfield code="p">Investig. bibl.</subfield>
    <subfield code="t">Investigacion Bibliotecologica</subfield>
    <subfield code="x">0187-358X</subfield>
  </datafield>
  <datafield tag="856" ind1="4" ind2=" ">
    <subfield code="s">740568</subfield>
    <subfield code="u">http://zaguan.unizar.es/record/110601/files/texto_completo.pdf</subfield>
    <subfield code="y">Versión publicada</subfield>
  </datafield>
  <datafield tag="856" ind1="4" ind2=" ">
    <subfield code="s">686221</subfield>
    <subfield code="u">http://zaguan.unizar.es/record/110601/files/texto_completo.jpg?subformat=icon</subfield>
    <subfield code="x">icon</subfield>
    <subfield code="y">Versión publicada</subfield>
  </datafield>
  <datafield tag="909" ind1="C" ind2="O">
    <subfield code="o">oai:zaguan.unizar.es:110601</subfield>
    <subfield code="p">articulos</subfield>
    <subfield code="p">driver</subfield>
  </datafield>
  <datafield tag="951" ind1=" " ind2=" ">
    <subfield code="a">2023-05-18-16:09:28</subfield>
  </datafield>
  <datafield tag="980" ind1=" " ind2=" ">
    <subfield code="a">ARTICLE</subfield>
  </datafield>
</record>
</collection>